000 00613nam a2200205Ii 4500
003 JO-AjNU
008 230605s9999||||xx |||||||||||||| ||und||
040 _aJO-AjNU
_bara
_erda
_cJO-AjNU
041 _aara
050 1 4 _aPJ7846.A775.A17 1993
100 3 _aتأليف منصور، محمد,
_eauthor
_948990
245 0 0 _aرباعيات إبن سبعين
250 _aط1
264 3 1 _aعمان:وزارة الثقافة،1993
300 _a144ص
336 _atext
_btxt
_2rdacontent
337 _aunmediated
_bn
_2rdamedia
338 _avolume
_bnc
_2rdacarrier
650 4 _aالشعر العربي
_948991
999 _aA21490
_c25058
_d25058